| 000 | 00520nam a2200181Ia 4500 | ||
|---|---|---|---|
| 003 | GCL | ||
| 008 | 140319s9999 xx 000 0 eng d | ||
| 040 |
_aGCL / _cGCL |
||
| 082 | 0 | 4 |
_a800 _bS B |
| 100 | 1 | _aSTARRETT, VINCENT | |
| 245 | 1 | 0 |
_aBEST LOVED BOOKS OF THE TWENTIETH CENTURY (A GIFT FROM ABUDL FATAH AL GAMEEL'S LIBRARY) / _cSTARRETT, VINCENT |
| 260 |
_a[S.N] : _bBANTAM BOOKS ، _c1955 |
||
| 300 | _a137 P P | ||
| 650 | 0 | 4 | _aFICTION |
| 650 | 0 | 4 | _aBOOKS REVIEW |
| 650 | 0 | 4 | _aAMERICAN STORIES |
| 942 |
_2ddc _cBK |
||
| 999 |
_c11888 _d11888 |
||